| 000 | 00588nam a2200193 a 4500 | ||
|---|---|---|---|
| 005 | 20210219152903.0 | ||
| 008 | 991125n 000 0 u | ||
| 035 | _aUPN01000065231 | ||
| 100 | 1 | _aSussman, Joan E | |
| 222 | _aJOURNAL OF SPEECH AND HEARING RESEARCH | ||
| 245 | _aAuditory processing in children's speech perception : results of selective adaptation and discrimination tasks | ||
| 300 | _a380-395 | ||
| 362 | 0 | _a1993 Vol. 36, no. 2 | |
| 653 | 0 | _aEVALUACION AUDITIVA | |
| 653 | 0 | _aHABLA | |
| 653 | 0 | _aPERCEPCION AUDITIVA | |
| 904 |
_aAC _b003042 |
||
| 905 | _aArticulo | ||
| 999 |
_c63009 _d63009 |
||